|
|
|
|
| LEADER |
00801nab a2200217 i 4500 |
| 001 |
publ1199 |
| 005 |
20180706105526.0 |
| 008 |
120905s2011 hu o 0|| zxx d |
| 022 |
|
|
|a 0957-4166
|
| 024 |
7 |
|
|a 10.1016/j.tetasy.2011.06.013
|2 doi
|
| 024 |
7 |
|
|a 1700167
|2 mtmt
|
| 040 |
|
|
|a SZTE Publicatio Repozitórium
|b hun
|
| 041 |
|
|
|a zxx
|
| 100 |
1 |
|
|a Szakonyi Zsolt
|
| 245 |
1 |
0 |
|a Stereoselective synthesis of carane-based aminodiols as chiral ligands for the catalytic addition of diethylzinc to aldehydes
|h [elektronikus dokumentum] /
|c Szakonyi Zsolt
|
| 260 |
|
|
|a Elsevier
|c 2011
|
| 300 |
|
|
|a 1021-1027
|
| 490 |
0 |
|
|a Tetrahedron: Asymmetry
|v 22 No. 9
|
| 700 |
0 |
1 |
|a Csillag Kinga Karola
|e aut
|
| 700 |
0 |
1 |
|a Fülöp Ferenc
|e aut
|
| 856 |
4 |
0 |
|u http://publicatio.bibl.u-szeged.hu/1199/1/1700167.pdf
|z Dokumentum-elérés
|